Quizzes
Events
Quiz Creation
Community
Videos
Private Events
Remove Ads
Sign In
Join for FREE
Feedback
Dark Mode
Quiz Categories
Sports
Geography
Music
Movies
Television
Just For Fun
Miscellaneous
History
Literature
Language
Science
Gaming
Entertainment
Religion
Holiday
For Kids
Quiz Lab
Recent
Popular Today
Quiz Kudos Today
Editor Picks
Curator Picks
Quizzes by...
Day
Popularity
Type
Ratings
Length
Year
Community
Subscriptions
Recent Discussions
Orange Saloon
Badges
Playlists
Quests
Create
Leaderboards
Showdown
Live 5
Trivia Bingo
Activity
Puzzle Library
Sporcle Events
Private Events
Virtual Trivia
Globe League
Become a Host
Pub Owners
SporcleCon
Opinionation
Our Games
Videos
Blog
Mobile Apps
Partnerships
Remove Ads and Go Orange
Feedback
Sports
Athletes
MLB
NBA
NHL
NFL
Soccer
Sports Teams
WWE
NCAA
Football
Premier League
Basketball
Baseball
Hockey
Golf
Tennis
Cricket
Rugby
Auto Racing
Olympics
World Cup
Sports
Athletes
MLB
NBA
NHL
NFL
Soccer
Sports Teams
WWE
NCAA
Football
Premier League
Basketball
Baseball
Hockey
Golf
Tennis
Cricket
Rugby
Auto Racing
Olympics
World Cup
Random Quiz
Search Sporcle
×
Quiz Lab
Quiz Lab
Sports
NFL
Type in answers that appear in a list
Type in answers that appear in a list
Classic
Best Score? Go Orange.
Green Bay Packers in the Hall of Fame Stats
Can you name the players, coaches, and contributors of the Green Bay Packers* that have been inducted into the Pro Football Hall of Fame?
By
metakoopa99
6m
30 Questions
229 Plays
229 Plays
229 Plays
Comments
Comments
Give Quiz Kudos
Give Quiz Kudos
-
- Ratings
hide this ad
More Info
Replay
Link that replays current quiz
Next Quiz
Link to next quiz in quiz playlist
You Got
0%
They Got
Avg Score
56%
Avg Friend Score
Upgrade to see
Score Distribution
Jump to the score distribution portion of the page
Score
0/30
Timer
06:00
0
Plays Today
Position (Years w/ Team)
Name
% Correct
QB (1992-
2007)
Brett Favre
96.9%
QB (1956-
1971)
Bart Starr
96.9%
Coach (1959-
1967)
Vince Lombardi
93%
DE (1993-
1998)
Reggie White
89.5%
Coach (1929-
1949)
Curly Lambeau
87.8%
RB (1957-
1962, 1964-
1966)
Paul Hornung
83.8%
RB (1958-
1966)
Jim Taylor
83%
WR (1935-
1945)
Don Hutson
79.9%
WR (1978-
1986)
James Lofton
77.7%
LB (1958-
1972)
Ray Nitschke
73.4%
T (1956, 1958-
1970)
Forrest Gregg
72.9%
G (1958-
1968)
Jerry Kramer
70.9%
CB (1961-
1969)
Herb Adderley
69.9%
S (1960-
1971)
Willie Wood
66.8%
Executive (1991-
2001)
Ron Wolf
58.1%
Position (Years w/ Team)
Name
% Correct
DE (1960-
1969)
Willie Davis
56.3%
K (1980-
1983)
Jan Stenerud
54.1%
LB (1963-
1972)
Dave Robinson
53.7%
C (1953-
1963)
Jim Ringo
47.6%
DT (1959-
1969)
Henry Jordan
42.4%
RB (1941-
1944, 1946-
1952)
Tony Canadeo
39.7%
QB (1930-
1940)
Arnie Herber
39.7%
RB (1929-
1933, 1935-
1936)
Johnny Blood
36.7%
S (1959-
1961)
Emlen Tunnell
28.8%
LB (1974)
Ted Hendricks
27.9%
RB (1932-
1941)
Clarke Hinkle
25.3%
T (1929-
1933, 1935)
Cal Hubbard
24%
G (1929-
1935, 1937)
Mike Michalske
17.5%
DE (1958)
Len Ford
13.1%
G (1935-
1936)
Walt Kiesling
9.6%
Quiz Playlist
Details
Report
Send in Message
Add To Playlist
More Info:
*Packers history includes Green Bay Packers (1919-present).
Classic:
Type in answers that appear in a list
Last Updated: Feb 4, 2018
Quiz Scoreboard
CHALLENGE
Sign Up to Join the Scoreboard
Show All
Scores
Hide
Comments
May contain spoilers
Recently Published
Presidents Visiting Landmarks
by Hejman
History
7m
An Introduction to Baseball
by treessimontrees
Sports
5m
Movies - When Are They Set?
by FPL_Elf
Movies
5m
More to Explore
Quiz From the Vault
Featured Blog Post
Where Did the Easter Bunny Come From?
hide this ad
You Might Also Like...
Tags
Football Quiz
NFL Quiz
Sports Teams Quiz
Year Quiz
Green Bay Packers
Hall of Fame
Pro Football Hall of Fame
Today's Top Quizzes in Sports
Browse Sports
hide this ad
Today's Top Quizzes in NFL
Browse NFL
Top Contributed Quizzes in Sports
1
Les meilleurs buteurs des matchs entre le PSG et l’OM
2
2022 World Cup Stars
3
FIFA Club World Cup Champions
4
Les entraîneurs de l'OM et du PSG au 21e siècle
5
Name the Premier League winners with different clubs
6
La finale Lions - Afrique du Sud 2021
7
5-to-1: UK Sports Teams
8
England Test cricketers to play under Nasser Hussain
9
Players with Multiple 50 Home Run Seasons
10
AFC Teams Reveal (Wrong Answers Minefield)
Explore More
Trending Topics
NBA
Marvel
Harry Potter
Kpop
Disney
Crossword
Anime
Song
Soccer
Pokémon
NFL
Country
The Office
WWE
Puzzle
hide this ad
More By:
metakoopa99
Quiz
Plays
Rating
Category
Featured
Created
10 to 1: Classic Rock Songs
278,429
4.55
Music
Feb 15, 2016
10 to 1: Classic Rock Songs II
206,144
4.66
Music
Feb 15, 2016
10 to 1: Classic Rock Songs III
137,216
4.55
Music
Aug 29, 2016
Subcategory Multiple Choice: Sports
128,585
4.10
Sports
Sep 4, 2016
10 to 1: Classic Rock Songs IV
126,068
4.57
Music
Sep 25, 2016
Go to Creator's Profile
Score Distribution
Quiz Creator Spotlight
metakoopa99
Follow
Send a Message
Quizzes Created
-
Created Quiz Play Count
-
More By This Creator
Popular Quizzes Today
1
Find the US States - No Outlines Minefield
2
Find the Countries of Europe - No Outlines Minefield
3
The Countries of the World
4
Find the US States
5
Popular People in 1961
6
US States
7
Risky Map Clicking: Biggest States A-Z
8
Movies - When Are They Set?
More Sports Quizzes
Jürgen Klopp - Coach Career
Quiz Lab
Trending Quizzes
Risky Map Clicking: Least Populous States A-Z
1-10 Letter G Words
1-10 Letter F Words
Risky Map Clicking: Next State Alphabetically
Risky Map Clicking: Biggest States A-Z
Recently Updated
Leaping Animals
pecheneg
Reality TV Shows (A-Z)
bhenderson79
Rickey Henderson's Hall of Fame Teammates
pecheneg
Champions League XIs: Arsenal
pecheneg
Quick Pick: Celebrities in WWE's Hall of Fame
aduchscher
A-Z Keypad Blitz II
pecheneg
Multiple Oscar Actors
pecheneg
Mystery Phrase Blitz: Oscar 'Best Actors'
pecheneg
F. Scott Fitzgerald Novels
LTH
Pick 3 Villains
ddd62291
Trending Topics
Marvel
Kpop
Harry Potter
Disney
NBA
Crossword
Anime
NFL
Pokémon
WWE
Country
Song
Puzzle
The Office
Soccer
Your Account Isn't Verified!
In order to create a playlist on Sporcle, you need to verify the email address you used during registration. Go to your
Sporcle Settings
to finish the process.
Report this User
Report this user for behavior that violates our
Community Guidelines
.
Details:
Send Report
Go to the Sporcle.com Mobile Site →
Comments